Applied surface analysis : a symposium /

Guardado en:
Autores Corporativos: Pittsburgh Conference on Analytical Chemistry and Applied Spectroscopy Cleveland, Ohio), ASTM Committee E-42 on Surface Analysis.
Otros Autores: Barr, T. L. 1939-, (Editor , ed.), Davis, L. E., (Editor , ed.)
Formato: Libro
Idioma:English
Publicado: Philadelphia, Pa. : ASTM, c1980.
Series:ASTM special technical publication ; 699.
Materias:
Etiquetas: Agregar Etiqueta
Sin Etiquetas, Sea el primero en etiquetar este registro!
LEADER 01522cam a22003015a 4500
001 EIQ.libpla001988
008 800821s1980####paua#####b####101#0#eng#d
005 20070321184325.0
245 1 0 |a Applied surface analysis :  |b a symposium /  |c sponsored by ASTM Committee E-42 on Surface Analysis, American Society for Testing and Materials, Cleveland, Ohio, 28 Feb.-1 March, 1978 ; T. L. Barr, L. E. Davis, editors. 
260 |a Philadelphia, Pa. :  |b ASTM,  |c c1980. 
300 |a 207 p. :  |b il. ;  |c 24 cm. 
490 1 |a ASTM special technical publication ; 699 
500 |a "Held in conjunction with the 29th Pittsburgh Conference on Analytical Chemistry and Applied Spectroscopy and jointly sponsored by the Conference and ASTM Committee E-42 on Surface Analysis". 
504 |a Incluye referencias bibliográficas e índice. 
020 |a 0469900039 
111 2 |a Pittsburgh Conference on Analytical Chemistry and Applied Spectroscopy  |n (29th :  |d (1978 :  |c Cleveland, Ohio) 
700 1 |a Barr, T. L.  |q (Tery Lynn),  |d 1939-,  |e ed.  |4 edt 
700 1 |a Davis, L. E.,  |e ed.  |4 edt 
710 2 |a ASTM Committee E-42 on Surface Analysis. 
830 0 |a ASTM special technical publication ;  |v 699. 
082 0 0 |a 620.1/1292  |2 19 
650 4 |a Superficies (Tecnología)  |x Congresos. 
650 4 |a Superficies (Tecnología)  |x Análisis. 
650 4 |a Surfaces (Technology)  |x Congresses. 
650 4 |a Surfaces (Technology)  |x Analysis. 
010 |a  79054723  
040 |a DLC  |c DLC  |d AR-BbSID 
859 |a AR-BbSID  |b BIB. PLAPIQUI  |h 541.395  |i P 687  |k R  |p 1438